00286nam a2200121Ia 4500008004100000041000900041082001700050100001800067245002300085260004000108300000800148650000800156230718s9999 xx 000 0 und d aEng. a380.1bACK-T aAckers, Loter 4aThe New walk place aPakistanbLondon and New Yorkc1996 a333 aLaw